000 00716nam a2200229 a 4500
001 52872
003 BD-RjUL
005 20211209075856.0
008 160928s1964 ii 000 0 eng
020 _c : PRs. 20.00
035 _a(BD-RjUL)52992
040 _aDLC
_cFTaSU
_dFTaSU
_dBD-RjUL
_beng
041 _aeng
082 _223
_a368.954
_bSRS 1964
100 1 _aSrivastava, P. C.
_9158091
245 1 0 _aSocial security in India /
_c P. C. Srivastava, With a foreword by Acharya Shriman Narayan.
260 _aIndia :
_bLokbharti Publications,
_c1964.
300 _axxx, 376 p. :
_bill. ;
_c23 cm.
504 _aIncludes Bibliography and Index
650 0 _aSocial security
_zIndia.
_9148551
942 _2ddc
_cBK
999 _c52872
_d52872